000 006060000a22001810004500
090 _aAR
_b00593
245 1 0 _aErythropoiesis and Granulopoiese in the west Indian manatee, Trichechus manatus (<Mammalia: sirenia>)
650 1 4 _aMamíferos acuáticos
_993274
650 1 4 _aFisiología animal
_99500
650 1 4 _aHematología
_993676
653 _gTrichechus
_eTrichechus manatus
_vmanatí
041 0 _aInglés
700 1 _aReynolds, John E.
_993280
700 1 _aEssman, Richard A.
_993677
100 1 _aBazzini, María D.
_993678
942 _cARTICULO
773 1 _tActa Anatómica
_3219
_h126
_q150-152
_d1986
999 _c9685
_d9685